| 000 | 00640nam a22001937a 4500 | ||
|---|---|---|---|
| 999 |
_c175724 _d175724 |
||
| 005 | 20200923113800.0 | ||
| 010 | _aENG-128453 | ||
| 020 | _c60.00 | ||
| 035 | _aEN-111985 | ||
| 037 | _bDBAD/PUB | ||
| 082 | _a137 | ||
| 100 | _aGuthikonda, Jawaharlal | ||
| 245 |
_aGolden Ratio-Phi:The Finger Print of God/ _cby Jawahar Lal Guthikonda |
||
| 260 |
_aVijaywada _bSahithi Prachuranalu _c2017 |
||
| 270 |
_a33-22-2, Chandram Buildings, C.R.Road, Chuttungunta _bVijaywada _e520004 _k8121088500 |
||
| 300 |
_a98p. _c21cm(pbk) _bpictures,tables and illustrations |
||
| 500 | _aIncludes Appendix | ||
| 942 |
_2ddc _cEN _h137 _mGUT |
||